| 000 | 00697nam a2200229Ia 4500 | ||
|---|---|---|---|
| 999 |
_c49800 _d49800 |
||
| 001 | 16735 | ||
| 003 | GE_BSU | ||
| 005 | 20221129110602.0 | ||
| 008 | 181216s2012||||enk|||||||||||||| ||eng|| | ||
| 020 | _a9780205923496x | ||
| 040 | _cGE_BSU | ||
| 041 | _aeng | ||
| 080 | _a159.922.7 F-36 | ||
| 100 |
_aFeldman, Robert S. _916191 |
||
| 245 |
_aChild Development A Topical Approach / _cRobert S. Feldman. |
||
| 250 | _a6th ed. | ||
| 264 |
_aBoston : _bPearson, _c2012. |
||
| 300 |
_a590 p.: _bill; _c28 cm. |
||
| 653 | _aფსიქოლოგია | ||
| 653 | _aბავშვთა განვითარების აქტუალური მიდგომა | ||
| 942 |
_cBK _2udc |
||